[Event "Montreal Mercredi 05"]
[Site "Montreal"]
[Date "2011.05.25"]
[Round "2"]
[White "Chen, Jianqiu"]
[Black "Lacroix, Serge"]
[Result "0-1"]
[WhiteElo "1761"]
[BlackElo "1812"]
[PlyCount "88"]
[EventDate "2011.05.18"]
[EventType "swiss"]
[EventRounds "5"]
[EventCountry "CAN"]
[SourceTitle "EXT 2022"]
[Source "ChessBase"]
[SourceDate "2021.10.06"]
[SourceVersion "1"]
[SourceVersionDate "2021.10.06"]
[SourceQuality "1"]

1. e4 Nf6 2. e5 Nd5 3. d4 d6 4. Nf3 g6 5. Bc4 Nb6 6. Bb3 Bg7 7. exd6 cxd6 8. 0-0 0-0 9. a4 Nc6 10. a5 Nd7 11. a6 bxa6 12. Bg5 Nb6 13. h3 h6 14. Bh4 Qc7 15. d5 Ne5 16. Ra2 Nxf3+ 17. Qxf3 f5 18. Re1 g5 19. Bg3 f4 20. Bh2 Nc4 21. Bxc4 Qxc4 22. b3 Qc7 23. Qe2 Rf5 24. c4 Re5 25. Qd1 Rb8 26. Rxe5 dxe5 27. Nd2 Qb6 28. Kh1 e4 29. Bg1 Bf5 30. Nxe4 Bxe4 31. f3 Qxb3 32. Qxb3 Rxb3 33. fxe4 Rb1 34. Kh2 Be5 35. c5 f3+ 36. g3 h5 37. Bf2 h4 38. Rxa6 hxg3+ 39. Bxg3 Rb2+ 40. Kg1 Bxg3 41. Ra1 Re2 42. Rf1 Rg2+ 43. Kh1 Rh2+ 44. Kg1 f2+ 0-1